000 00514nam a2200145 4500
999 _c9459
_d9459
003 OSt
005 20210623163316.0
008 210623b ||||| |||| 00| 0 eng d
020 _a9780486834283
082 _a743.836
_bMAX
100 _aMaxwell Donald
245 _aLandscape Sketching in Pen and Ink: With Notes on Architectural Subjects (Dover Art Instruction) Landscape Sketching in Pen and Ink: With Notes on Architectural Subjects (Dover Art Instruction)
260 _aNew york
_bDover publishing
942 _2ddc